Leader xxxxxxxxxx
001 __ PCLIS00052434
005 __ 20210512095346.0
010 0_ |a978-986-6157-81-3|b平裝|dNT$240
100 __ |a20181119d2017 m y0chiy09 e
101 0_ |achi
102 __ |atw
105 __ |aa z 000ay
200 1_ |a特殊傳說|h0.5|i決戰生死棋|dThe unique legend|zeng|f護玄著|g紅麟插畫
205 __ |a初版
210 __ |a臺北市|c蓋亞文化出版|a新北市新店區|c聯合總經銷|d2017[民106]
215 0_ |a282, [1]面|c圖, 1張彩摺圖|d20公分
225 2_ |a悅讀館|vRE270
306 __ |a2017年15刷
410 _0 |12001 |a悅讀館|vRE270
510 1_ |aThe unique legend|zeng
517 1_ |a決戰生死棋|zchi
681 __ |a857.7|b862
700 _0 |a護玄|4著
702 _0 |a紅麟|4插畫
801 _0 |atw|b內湖高中|c20181119|gCCR
|